| 000 | 00375nam a22001577a 4500 | ||
|---|---|---|---|
| 005 | 20160426152914.0 | ||
| 008 | 160426b xxu||||| |||| 00| 0 eng d | ||
| 020 | _a0-07-053248-6 | ||
| 041 | _aeng | ||
| 082 | _b00161 | ||
| 100 |
_aCooper, Donald R. _947 |
||
| 245 | _aBusiness Research Methods | ||
| 260 |
_aNew Delhi _bTata MC Graw Hill, _c2004 |
||
| 300 | _a857 | ||
| 942 | _cBK | ||
| 999 |
_c42 _d42 |
||